000 01795cam a22005295a 4500
001 015668513
003 Uk
005 20161025111923.0
008 101004k20111997njua frd 001 0 eng|d
015 _aGBB0C1820
_2bnb
016 7 _a015668513
_2Uk
020 _a9780321751041 (set)
020 _a0321751043 (set)
020 _a9780201896831 (v. 1)
020 _a0201896834 (v. 1)
020 _a9780201896848 (v. 2)
020 _a0201896842 (v. 2)
020 _a9780201896855 (v. 3)
020 _a0201896850 (v. 3)
020 _a9780201038040 (v. 4a)
020 _a0201038048 (v. 4a)
040 _aStDuBDS
_beng
_cStDuBDS
_dEG-ScBUE
_dUk
042 _aukblsr
082 0 4 _222
_a005.1
_bKNU
100 1 _aKnuth, Donald Ervin,
_d1938-‏
_941612
245 1 4 _aThe art of computer programming /
_cDonald E. Knuth.
246 3 4 _aArt of computer programming. Volumes 1-4a
250 _a3rd ed., updated and revised ed., Volume 1, 2.
250 _a2nd ed., updated and revised ed., Volume 3.
250 _aExtended and refined ed., Volume 4.
260 _aUpper Saddle River, New Jersey :
_bAddison-Wesley,
_c1997-2011
_g(2012 printing)
300 _a4 v. :
_bill. ;
_c25 cm.
500 _aIncludes glossaries
500 _aIncludes indexes
500 _aTitle from slip case.
500 _aVol. 1-2: 3rd ed.
500 _aVol. 3: 2nd ed.
500 _aVol. 4a: 1st ed.
500 _aIn slip case.
505 0 _av. 1. Fundamental algorithms -- v. 2. Seminumerical algorithms -- v. 3. Sorting and searching -- v. 4a., pt.1 Combinatorial algorithms.
590 _aWessam
650 7 _aComputer programming.
_2BUEsh
_93821
650 7 _aComputer algorithms.
_2BUEsh
_910553
651 _2BUEsh
653 _bCOMSCI
_cOctober2016
942 _2ddc
_e22
_k005.1 KNU
999 _c22844
_d22816